| 000 | 00000nam##2200000za#4500 |
| 001 | 9.646431 |
| 003 | CaOODSP |
| 005 | 20200330131317 |
| 007 | ta |
| 008 | 150407|1997||||xxc||||| f|0| 0 eng|d |
| 020 | |a0-662-25324-8 |
| 040 | |aCaOODSP|beng |
| 043 | |an-cn--- |
| 086 | 1 |aSN3-316/1997E |
| 110 | 1 |aCanada.|bNational Library of Canada. |
| 245 | 14|aThe André Prevost fonds : |bnumerical list / |cby Stéphane Jean. |
| 260 | |aOttawa - Ontario : |bNational Library of Canada |c1997. |
| 300 | |a149p. : |billus. ; |c28 cm. |
| 500 | |a"This finding aid is classified as a numerical list because it describes the files in the fonds. The various levels of description thus enable researchers to find information by going from general to the specific."--Introduction. |
| 520 | 3 |aThis finding aid is classified as a numerical list because it describes the files in the fonds. The various levels of description thus enable researchers to find information by going from general to the specific.--Introduction |
| 563 | |aSpiral binding |
| 590 | |a97-25|b1997-06-20 |
| 690 | 07|aMusic|2gcpds |
| 720 | 1 |aJean, Stéphane |
| 775 | 08|tLes fonds André Prévost : |w(CaOODSP)9.679971 |
| 776 | 0#|tThe André Prévost fonds : |w(CaOODSP)9.695945 |